South-Western geometry : (Record no. 15089)
[ view plain ]
| 000 -LEADER | |
|---|---|
| fixed length control field | 00896cam a2200229Ia 4500 |
| 020 ## - INTERNATIONAL STANDARD BOOK NUMBER | |
| ISBN | 053867122X |
| 020 ## - INTERNATIONAL STANDARD BOOK NUMBER | |
| ISBN | 0538675225 (t. ed., v.1) |
| 020 ## - INTERNATIONAL STANDARD BOOK NUMBER | |
| ISBN | 0538675233 (t. ed., v.2) |
| 040 ## - CATALOGING SOURCE | |
| Transcribing agency | KMM |
| 082 ## - DEWEY DECIMAL CLASSIFICATION NUMBER | |
| Classification number | 516 SOU 1998 A063 Or. |
| 245 00 - TITLE STATEMENT | |
| Title | South-Western geometry : |
| Remainder of title | an integrated approach / |
| 246 3# - VARYING FORM OF TITLE | |
| Title proper/short title | South Western geometry |
| 246 30 - VARYING FORM OF TITLE | |
| Title proper/short title | Southwestern geometry |
| 246 30 - VARYING FORM OF TITLE | |
| Title proper/short title | Geometry |
| 260 ## - PUBLICATION, DISTRIBUTION, ETC. (IMPRINT) | |
| Place of publication | Cincinnati : |
| Name of publisher | South-Western Educational Pub., |
| Year of publication | c1998 |
| 300 ## - PHYSICAL DESCRIPTION | |
| Number of Pages | 2 teachers's edition v. 1 and v. 2, 1 student text, 13 chapter books, 1 study skills activities, 1 technology activities, 1 multicultural connections, 1 solutions manual, 1 lesson plans, 1 mathematics handbook, 1 transparency masters, 1 manual de matematicas |
| 500 ## - GENERAL NOTE | |
| General note | Includes index |
| 650 #0 - SUBJECT ADDED ENTRY--TOPICAL TERM | |
| Topical Term | Geometry |
| 700 1# - ADDED ENTRY--PERSONAL NAME | |
| Personal name | Gerver, Robert K |
| 710 2# - ADDED ENTRY--CORPORATE NAME | |
| Corporate name or jurisdiction name as entry element | South-Western Educational Publishing |
| 942 ## - ADDED ENTRY ELEMENTS (KOHA) | |
| Koha item type | សៀវភៅភាសាអង់គ្លេស |
| 952 ## - LOCATION AND ITEM INFORMATION (KOHA) | |
| Withdrawn status [LOCAL, KOHA] | 0 |
| Permanent Location | Date acquired | Koha item type | Lost status | Shelving location | Barcode | Current Location | Full call number |
|---|---|---|---|---|---|---|---|
| Library Block A | 2017-11-10 | សៀវភៅភាសាអង់គ្លេស | A063 | A07398 | Library Block A | 516 SOU 1998 A063 Or. |